Negotiation Journal

Bibliographic Details
Format: eBook
Language:English
Published: Hoboken: Wiley, 1985 -
Subjects:
Online Access:Acceso restringido

MARC

LEADER 00000nam a22000007a 4500
005 20210405231331.0
007 cr|||| ||||
008 210405c19859999us ar|w s|||| 0|||b1eng d
022 |a 0748-4526 
035 |a 32914 
040 |a vLex 
090 |c 11398  |d 11398 
245 0 0 |a Negotiation Journal  |h [Recurso electrn̤ico] / 
256 |a Servicio en ln̕ea 
260 |a Hoboken:  |b Wiley,  |c 1985 - 
300 |a 1 recurso electrn̤ico 
310 |a Anual 
362 |a Nð 1-1 (Ene. 1985) - 
506 1 |a Disponible solo en los productos indicados  |d vLex Global  |d vLex Global (Academic Edition, excluding Law Schools)  |d vLex Global (Academic Edition, Law Schools) 
650 0 4 |a Derecho Pb︢lico y Administrativo  |z Estados Unidos 
650 0 4 |a Derecho Internacional  |z Estados Unidos 
740 0 |a vLex Revistas (Servicio en ln̕ea) 
856 4 0 |u https://vlex.com/source/32914  |z Acceso restringido 
942 |c REV 
999 0 |a Public and Administrative Law 
999 0 |a International Law